| 000 | 00614nam a22002057a 4500 | ||
|---|---|---|---|
| 005 | 20240328111414.0 | ||
| 008 | 240328b |||||||| |||| 00| 0 eng d | ||
| 020 | _a9780702051319 | ||
| 082 |
_a615 _bDRA-G |
||
| 100 | _aDrake, Richard L. | ||
| 245 |
_aGray's anatomy for students / _cMitchell, Adam W. M. Vogl, Wayne; Gray, Henry, |
||
| 250 | _a3rd ed. | ||
| 260 |
_aCanada : _bChurchill Livingstone ; _c2015. |
||
| 300 |
_axxv ,1159p. : _bill ; _c27 cm. |
||
| 500 | _a Include Index . | ||
| 650 | _aMedical / Anatomy | ||
| 700 | _aMitchell, Adam W. M. Vogl | ||
| 700 | _aWayne; Gray, Henry, | ||
| 999 |
_c35495 _d35495 |
||